Most and Least Green Countries on a Map (2016 EPI) Quiz Stats

 Plays Quiz not verified by Sporcle

Challenge
Share
Tweet
Score 0/20 Timer 04:00
0 Plays Today
% Correct
Sweden (#3)
93.3%
Finland (#1)
89.3%
Iceland (#2)
89.3%
Denmark (#4)
88%
France (#10)
78.7%
Spain (#6)
68%
Democratic Republic of Congo (#171)
68%
Niger (#177)
66.7%
Portugal (#7)
62.7%
Mali (#175)
60%
% Correct
Chad (#174)
60%
Somalia (#180)
52%
Estonia (#8)
50.7%
Afghanistan (#176)
37.3%
Slovenia (#5)
34.7%
Eritrea (#179)
32%
Bangladesh (#173)
30.7%
Malta (#9)
29.3%
Mozambique (#172)
28%
Madagascar (#178)
26.7%

You're not logged in!

Compare scores with friends on all Sporcle quizzes.
Join for Free
OR
Log In

You Might Also Like...

Show Comments

Extras

Top Quizzes Today


Score Distribution

Your Account Isn't Verified!

In order to create a playlist on Sporcle, you need to verify the email address you used during registration. Go to your Sporcle Settings to finish the process.

Report this User

Report this user for behavior that violates our Community Guidelines.

Details: